Construction equipment and its planning and application (Record no. 19426)

000 -LEADER
fixed length control field 00472nam a22001817a 4500
001 - CONTROL NUMBER
control field 19426
003 - CONTROL NUMBER IDENTIFIER
control field BD-DhUET
008 - FIXED-LENGTH DATA ELEMENTS--GENERAL INFORMATION
fixed length control field 150405b xxu||||| |||| 00| 0 eng d
040 ## - CATALOGING SOURCE
Transcribing agency 0
Modifying agency BD-DhUET
082 ## - DEWEY DECIMAL CLASSIFICATION NUMBER
Classification number 624.154
Item number VAR/1975
100 ## - MAIN ENTRY--PERSONAL NAME
Personal name Varma, Mahesh
245 ## - TITLE STATEMENT
Title Construction equipment and its planning and application
250 ## - EDITION STATEMENT
Edition statement 2nd ed.
260 ## - PUBLICATION, DISTRIBUTION, ETC. (IMPRINT)
Place of publication, distribution, etc. Delhi
Name of publisher, distributor, etc. Metropolitan book
Date of publication, distribution, etc. 1975
300 ## - PHYSICAL DESCRIPTION
Extent 539 p.
Other physical details ill.
650 #0 - SUBJECT ADDED ENTRY--TOPICAL TERM
Topical term or geographic name as entry element Construction equipment
942 ## - ADDED ENTRY ELEMENTS (KOHA)
Koha item type General Book
Holdings
Shelving location Price effective from Date acquired Withdrawn status Location (home branch) Damaged status Copy number Koha full call number Koha normalized classification for sorting Koha date last seen Not for loan Lost status Source of classification or shelving scheme Sublocation or collection (holding branch) Piece designation (barcode) Koha item type
Circulation section2015-04-052015-04-05 Central Library, BUET 1624.154/VAR/1975624_154000000000000_VAR_19752015-04-05   Central Library, BUET38526General Book
Circulation section2015-04-052015-04-05 Central Library, BUET 2624.154/VAR/1975624_154000000000000_VAR_19752015-04-05   Central Library, BUET42012General Book
Circulation section2015-04-072015-04-07 Central Library, BUET 3624.154/VAR/1975624_154000000000000_VAR_19752015-04-07   Central Library, BUET38525General Book
Circulation section2015-05-162015-05-16 Central Library, BUET 4624/VAR/1975624_000000000000000_VAR_19752015-05-16   Central Library, BUET38448General Book